000 00277nam a22001337a 4500
008 180904b xxu||||| |||| 00| 0 eng d
020 _a9780072937305
041 _aeng
080 _a510
100 _a37
101 _aMAT
245 _aCalculus
_cSmith.R T
942 _2udc
_cBK
999 _c47493
_d47493